000 01459 a2200217 4500
003 Nust
005 20221128095445.0
010 _a 92026814
020 _a0201557215
040 _cNust
082 0 0 _a530,ROB
100 1 _aRobinson, Paul.
_9103654
245 1 0 _aContemporary college physics /
_cPaul Robinson
260 _aReading, Mass. :
_bAddison-Wesley,
_cc1993.
300 _axvi, 941 p. :
_bill. (some col.), col. map ;
_c26 cm.
505 _aRoll Out the (Page-1), Trial and Error (Page-5), Put Force on the Table (Page-7), Bring Home the Bacon (Page-11), Merrily we Roll Along (Page-15), Computerized Gravity (Page-21), What a Drag (Page-25), Impact Speed (Page-27), Atwood Machine (Page-33), Billiard Ball Physics (Page-37), Bull, Eye (Page-41), Sharp Shooter (Page-45), Potential Wells (Page-53), Blast Off (Page-57), Slip-Stick (Page-61), Falling Around (Page-67) Loop the Loop (Page-79) Float a Big Stick (Page-87), A Wrenching Experience (Page-95), Hot Stuff (Page-99), Cooling Curves (Page-109), Catch a Wave (Page-117), Thin Lens (Page-127), Absolutely Relative (Page-135), Seeing Around the Corner(Page-139), Static Cling (Page-151), Brown Out (Page-159), Ohm Sweet Ohm (Page-171), Cranking up (Page-177), Current Balance (Page-193), Nuclear Marbles (Page-201), Half-Life (Page-205), You’re Your Own (Page-211).
650 0 _aPhysics.
700 1 _aChilders, Richard L.
_9103655
740 0 _aPhysics.
942 _2ddc
_cBK
_k530,ROB
999 _c180557
_d180557